Регионална библиотека "Любен Каравелов" - Русе

Селищна система Бяла (Запис номер 159571)

MARC детайли
000 -Лидер
Контролно поле с фиксирана дължина 01577nam a2200397 c 4500
003 - Код на организацията, давaща контролен номер
Контролно поле BLK
005 - Дата и час на последна редакция
Контролно поле 20221005143619.0
008 - Елементи от данни с фиксирана дължина
fixed length control field 180410b bul|||||r ||||||| ||bul||
010 ## - Наследен системен номер
LC control number KNG00166743000
040 ## - Източник на каталожния запис
Идентификатор на билиотеката - собственик на записа BLK
041 ## - Код за език
Код за езика на текст/звукозапис или на отделно заглавие Български
Код за езика КДБФ Български
072 #7 - Код за тематичната категория
Код организация bullib
Код за тематична категория К
Текст Краезнание
080 ## - УДК
Текстов определител УДК Икономическо положение. Икономическа политика. Управление. Планиране. Производство. Услуги. Цени
УДК код - определител по УДК 338
УДК определител :914.972(497.21-37)
УДК - код + определител 338:914.972(497.21-37)
139 ## - Редно поле
Редна дума Селищна система Бяла
Авторски знак Сек - С 31
245 10 - Сведения за заглавието
Заглавие Селищна система Бяла
Редно поле (дума) състав. Анна Илиева; авт. на текста Ана Пачалиева.
257 ## - Страна на издаване
Страна на създаване/издаване България
260 ## - Област на издателските данни
Име на издателя, разпространителя и проч. Булгарреклама
Година на издаване 1987
Печатница София : Офсетграфик
300 ## - Физическа характеристика
Страници 64 с.
Илюстрации и др. с ил.
Размери/Мащаб 23 см
380 ## - Жанр
Жанр Обществени науки
500 ## - Общи забележки
Забележка 2 000 тир.
650 #4 - Допълнително описание по предмет – тема
Основно описание – тема или топоним Общини - България
9 (RLIN) 266067
650 #4 - Допълнително описание по предмет – тема
Основно описание – тема или топоним Общини - Русенска област
9 (RLIN) 334536
651 #4 - Допълнително описание по предмет - топоним
Географско понятие България
9 (RLIN) 241624
651 #4 - Допълнително описание по предмет - топоним
Географско понятие Бяла
9 (RLIN) 178686
653 ## - Ключова дума – ненормативна
Ключова дума общини
653 ## - Ключова дума – ненормативна
Ключова дума Бяла
653 ## - Ключова дума – ненормативна
Ключова дума кметства
659 ## - Тематичен бюлетин
Тематичен бюлетин К
700 1# - Други автори (авторска отговорност)
Лично име Илиева, Анна
9 (RLIN) 377542
700 1# - Други автори (авторска отговорност)
Лично име Пачалиева, Ана
Автороска отговорност (Описва отношението между автора и произведението) авт. на текста
9 (RLIN) 334535
852 ## - Местоположение
Форматна сигнатура Цб 165145
852 ## - Местоположение
Форматна сигнатура К 338/С 31
856 4# - Електронен адрес и достъп
Електронен формат pdf - файл
856 4# - Електронен адрес и достъп
Електронен формат pdf - файл
999 ## - СИСТЕМНИ КОНТРОЛНИ НОМЕРА
Koha biblionumber 159571
Koha biblioitemnumber 159571
942 ## - АРТИКУЛИ
Вид на библиотечния материал Книги
Скрит в OPAC Не
Периодичен библиозапис Да
944 ## - СЪЗДАВАНЕ И РЕДАКЦИЯ на ЗАПИСА
Създаване/Редакция Създаване
Дата на регистрацията/редакция 30.10.2014
Статус, дата на статуса 30.10.2014 - от С1,Р / 30.10.2014
Служител, извършил регистрацията/редакцията Валя_Йорданова
944 ## - СЪЗДАВАНЕ И РЕДАКЦИЯ на ЗАПИСА
Създаване/Редакция Редакция
Дата на регистрацията/редакция 30.10.2014
Статус, дата на статуса 30.10.2014 - от С1,Р / 30.10.2014
999 ## - СИСТЕМНИ КОНТРОЛНИ НОМЕРА
Koha biblioitemnumber 159571
Наличности
Код за отписване Код за изгубен артикул Източник на класификационната схема Код за повреда Коз за рестрикции Код за отдаване Артикулен № Име на библиотеката - собственик Име на библиотеката, в която се намира в момента Статус (Текущо местоположение) Дата на вписване в системата Местоположение - отдел Цена в лева Инвентарен номер Систематично азбучна сигнатура Баркод Номер на екземпляра Цена в евро Служебна бележка Служебен тип на артикула
  Не е изгубен Universal Decimal Classification Не е повреден без рестрикции ползва се в читалня 266641 Регионална библиотека "Любен Каравелов" Русе Регионална библиотека "Любен Каравелов" Русе Краезнание 1987-01-01 Краезнание 0.00 545624 К 338/С 31 120000545624 1 0.00 N: Сф Дата: 01.01.1987 Дата инв: 09.11.2017 Бележки инв: К2017 Книги
Vip Innovations Ltd, Rousse, Bulgaria 2025